000 00988nam a2200289 a 4500
003 BLK
005 20231114170214.0
008 230206b bul|||||r ||||||| ||bul||
020 _a9786191518234
040 _aBLK
041 _aBUL
_cBUL
080 _aЗоология. Вж и 636 59
_b59
_x(02.053.2)
_z59(02.053.2)
139 _aСред снегове и ледове
_bС 60
245 1 0 _aСред снегове и ледове
_cпрев. от фр.
257 _aBEL
260 _aСофия
_bСофтПрес
_c2022
_9209582
_n978-619-151- ; 978-954-685-
300 _a16 с.
_bс цв. ил.
_c28 см
380 _aDN
490 _aМоите приятели животните
_9207558
500 _aКор. опис.
653 _aлитература за деца
852 _aЦб ІІ 31952
_bЦб
856 4 _qpdf
_i0.00
_ldisable
856 4 _qpdf
_i0.00
_ldisable
942 _cKNG
_n0
_s1
_02
944 _aCR
_c2023-07-07
_lМира Стойчева
_k30532
999 _c488591
_d488591